Online
Catalog

England's thousand best houses / (Record no. 42522)

MARC details
000 -CABECERA
campo de control de longitud fija 00537nam a2200169 a 4500
001 - NÚMERO DE CONTROL
campo de control 000043033
005 - FECHA Y HORA DE LA ÚLTIMA TRANSACCIÓN
campo de control 20201002040604.0
008 - DATOS DE LONGITUD FIJA--INFORMACIÓN GENERAL
campo de control de longitud fija 140218s2003 enk 000 0 spa d
020 ## - NÚMERO INTERNACIONAL ESTÁNDAR DEL LIBRO
Número Internacional Estándar del Libro 0713995963
040 ## - FUENTE DE LA CATALOGACIÓN
Centro catalogador/agencia de origen DO-SdBNP
Lengua de catalogación spa
Centro/agencia transcriptor BNPHU
082 ## - NÚMERO DE LA CLASIFICACIÓN DECIMAL DEWEY
Número de clasificación xxx
Número de documento/Ítem xxx
100 1# - ENTRADA PRINCIPAL--NOMBRE DE PERSONA
Nombre de persona Jenkins, Simon
9 (RLIN) 70560
245 10 - MENCIÓN DE TÍTULO
Título England's thousand best houses /
Mención de responsabilidad, etc. Simon Jenkins ; with photographs by Quintin Wright.
260 ## - PUBLICACIÓN, DISTRIBUCIÓN, ETC.
Lugar de publicación, distribución, etc. London, England :
Nombre del editor, distribuidor, etc. Allen Lane,
Fecha de publicación, distribución, etc. 2003.
300 ## - DESCRIPCIÓN FÍSICA
Extensión xl, 950 p. :
Otras características físicas il., mapas ;
Dimensiones 24 cm.
700 12 - PUNTO DE ACCESO ADICIONAL--NOMBRE DE PERSONA
Nombre de persona Wright, Quintin
Término indicativo de función/relación fot
9 (RLIN) 70561
Holdings
Estado de retiro Estado de pérdida Restricciones de uso No para préstamo Código de colección Localización permanente Ubicación/localización actual Ubicación en estantería Fecha de adquisición Número de inventario Total de préstamos Signatura topográfica completa Código de barras Fecha visto por última vez Precio válido a partir de Tipo de ítem Koha
      Excluido de préstamo Monografías: Libros y Folletos General General En catalogación 18.02.2014 LF1   xxx xxx 43033-10 25.06.2020 25.06.2020 No se presta

Powered by Koha